[Event "St Petersburg Korchnoi Memorial op"]
[Site "St Petersburg"]
[Date "2023.08.22"]
[Round "7"]
[White "Temirbekov, Taimaz"]
[Black "Sadykhov, Ali"]
[Result "1-0"]
[WhiteElo "2106"]
[BlackElo "1509"]
[PlyCount "93"]
[EventDate "2023.08.18"]
[EventType "swiss"]
[EventRounds "9"]
[EventCountry "RUS"]
[SourceTitle "EXT 2024"]
[Source "ChessBase"]
[SourceDate "2023.10.10"]
[SourceVersion "1"]
[SourceVersionDate "2023.10.10"]
[SourceQuality "1"]

1. e4 e6 2. d4 d5 3. Nc3 Bb4 4. e5 c5 5. a3 Bxc3+ 6. bxc3 Ne7 7. h4 Qc7 8. h5 h6 9. Rb1 b6 10. Qg4 Nf5 11. Bb5+ Bd7 12. Bd3 Rg8 13. Bxf5 exf5 14. Qg3 Be6 15. Bxh6 cxd4 16. Ne2 g5 17. cxd4 f6 18. exf6 Qxg3 19. fxg3 Kf7 20. g4 Kxf6 21. gxf5 Bf7 22. Rb3 Rh8 23. Bxg5+ Kxg5 24. h6 Rh7 25. Ng1 Nc6 26. Nf3+ Kxf5 27. 0-0 Kg6 28. Nh4+ Kxh6 29. Nf5+ Kg5 30. Rg3+ Kf6 31. Ng7+ Ke7 32. Re3+ Kf8 33. Ne6+ Kg8 34. Rg3+ Kh8 35. Ng5 Rg8 36. Rxf7 Rxf7 37. Nxf7+ Kh7 38. Ng5+ Kh6 39. Rh3+ Kg6 40. Nf3 Rc8 41. c3 Na5 42. Ne5+ Kf6 43. Kf2 Nc4 44. Nd3 Nd2 45. Nf4 Ne4+ 46. Ke2 Rd8 47. Rf3 1-0

[Event "St Petersburg Korchnoi Memorial op"]
[Site "St Petersburg"]
[Date "2023.08.20"]
[Round "4"]
[White "Sadykhov, Ali"]
[Black "Chetverik, Maxim"]
[Result "0-1"]
[WhiteElo "1509"]
[BlackElo "1991"]
[PlyCount "132"]
[EventDate "2023.08.18"]
[EventType "swiss"]
[EventRounds "9"]
[EventCountry "RUS"]
[SourceTitle "EXT 2024"]
[Source "ChessBase"]
[SourceDate "2023.10.10"]
[SourceVersion "1"]
[SourceVersionDate "2023.10.10"]
[SourceQuality "1"]

1. e4 Nf6 2. e5 Nd5 3. d4 d6 4. c4 Nb6 5. exd6 cxd6 6. Nc3 g6 7. Be2 Bg7 8. h3 Nc6 9. Nf3 0-0 10. 0-0 Bf5 11. d5 Na5 12. Nd4 Naxc4 13. a4 a5 14. Nxf5 gxf5 15. Bd3 e6 16. Re1 Re8 17. Qh5 Qf6 18. dxe6 fxe6 19. Nd5 Nxd5 20. Bxc4 Qf7 21. Qf3 Rac8 22. Bb5 Re7 23. Bg5 Nf6 24. Rad1 d5 25. Rc1 Rxc1 26. Rxc1 h6 27. Be3 Ne4 28. Qe2 Rc7 29. Rxc7 Qxc7 30. Qh5 Qf7 31. Qh4 Kh7 32. f3 Nd6 33. Bd3 Qf6 34. Qg3 Nc4 35. Bxc4 dxc4 36. Qf4 Qe5 37. Qxe5 Bxe5 38. Bc1 Bd4+ 39. Kf1 e5 40. g3 h5 41. Ke2 Kg6 42. Kd1 b6 43. Kc2 e4 44. fxe4 fxe4 45. b3 cxb3+ 46. Kxb3 Bf2 47. Kc4 Kf5 48. Kc3 Bxg3 49. Be3 Bc7 50. Kc4 Ke5 51. Bg1 Bd8 52. Be3 Kf5 53. Kd5 Bc7 54. Bg1 Bd8 55. Be3 Bh4 56. Bxb6 Be1 57. Be3 Bb4 58. Bc1 Bc3 59. Be3 Be1 60. Kd4 Bg3 61. Kd5 Bf4 62. Bb6 Bd2 63. Kd4 Kf4 64. Bd8 Kf3 65. Bh4 Be3+ 66. Kc3 Bf2 0-1

[Event "Anapa Sea Harbor op"]
[Site "Anapa"]
[Date "2023.06.07"]
[Round "6"]
[White "Ermakov, Maksim"]
[Black "Sadykhov, Ali"]
[Result "1-0"]
[WhiteElo "2194"]
[BlackElo "1569"]
[PlyCount "163"]
[EventDate "2023.06.02"]
[EventType "swiss"]
[EventRounds "9"]
[EventCountry "RUS"]
[SourceTitle "CBM 214 Extra"]
[Source "ChessBase"]
[SourceDate "2023.07.31"]
[SourceVersion "1"]
[SourceVersionDate "2023.07.31"]
[SourceQuality "1"]

1. Nf3 Nf6 2. d4 g6 3. e3 Bg7 4. Be2 0-0 5. 0-0 c5 6. dxc5 Qc7 7. c4 Qxc5 8. Nc3 d6 9. e4 a6 10. Be3 Qa5 11. Nd4 Nc6 12. Nb3 Qd8 13. h3 Be6 14. Nd2 Rc8 15. Rc1 Nd7 16. f4 f5 17. exf5 gxf5 18. Nf3 h6 19. Qd2 Nf6 20. Rfd1 Qe8 21. b3 Qf7 22. Nd4 Nxd4 23. Bxd4 Ne4 24. Qe3 Bxd4 25. Rxd4 Nxc3 26. Rxc3 Bd7 27. Bf3 Bc6 28. Rd2 Kh7 29. Re2 Bxf3 30. Qxf3 e6 31. Rd3 Rc6 32. Qe3 Re8 33. Qd2 Rd8 34. Qa5 Rd7 35. Red2 Qg7 36. Re2 Qf6 37. Red2 Qh4 38. Rd4 Rg7 39. R2d3 e5 40. fxe5 Qg5 41. Qd2 dxe5 42. Qxg5 hxg5 43. Rd7 Rc7 44. R7d5 e4 45. Re3 Rcf7 46. Kh2 g4 47. h4 Rg6 48. Re2 Kg7 49. g3 Re6 50. Kg2 Kg6 51. Kf2 Rc7 52. Ke3 b6 53. Kf4 Rc5 54. Ke3 Kf6 55. Red2 Rcc6 56. a3 a5 57. R2d4 Rc5 58. b4 axb4 59. axb4 Rc8 60. c5 Ra8 61. Kf4 e3 62. Rxf5+ Ke7 63. Re4 bxc5 64. Rxc5 Rf8+ 65. Kxe3 Rf3+ 66. Kd4 Rxg3 67. Rg5 Rxe4+ 68. Kxe4 Rb3 69. b5 g3 70. Kd4 Rb4+ 71. Kc5 Rxh4 72. Rxg3 Kd8 73. Kc6 Rc4+ 74. Kb7 Rc7+ 75. Kb6 Rc1 76. Rg8+ Kd7 77. Kb7 Rc7+ 78. Kb8 Rc1 79. b6 Rb1 80. b7 Rb2 81. Rg3 Rb1 82. Ra3 1-0

[Event "Chigorin Memorial 29th"]
[Site "St Petersburg"]
[Date "2022.10.27"]
[Round "6"]
[White "Penkov, Aleksey"]
[Black "Sadykhov, Ali"]
[Result "0-1"]
[WhiteElo "1720"]
[BlackElo "1477"]
[PlyCount "162"]
[EventDate "2022.10.22"]
[EventType "swiss"]
[EventRounds "9"]
[EventCountry "RUS"]
[SourceTitle "EXT 2024"]
[Source "ChessBase"]
[SourceDate "2023.10.10"]
[SourceVersion "1"]
[SourceVersionDate "2023.10.10"]
[SourceQuality "1"]

1. e4 e6 2. d4 d5 3. e5 c5 4. c3 Qb6 5. Nf3 Nc6 6. a3 f6 7. b4 c4 8. a4 Bd7 9. b5 Na5 10. Bf4 0-0-0 11. h4 h5 12. g3 Nh6 13. Bh3 Nb3 14. Ra2 Qa5 15. 0-0 Nf7 16. exf6 gxf6 17. Re1 Re8 18. Rae2 Nd8 19. Nbd2 Nxd2 20. Rxd2 Bh6 21. Bxh6 Rxh6 22. Re3 Qc7 23. Ra2 Rh7 24. Qb1 Rg7 25. a5 Qd6 26. Nd2 f5 27. Nf1 f4 28. Rf3 Rf8 29. Kh2 fxg3+ 30. Rxg3 Rgf7 31. Kg2 Qf4 32. Qb4 Qe4+ 33. Kg1 Qxh4 34. Qc5+ Kb8 35. b6 a6 36. Qd6+ Ka8 37. Re2 Qf4 38. Qxf4 Rxf4 39. Ne3 R4f7 40. Rg5 Nc6 41. Ra2 h4 42. Ng2 Rf3 43. Rg7 Rxh3 44. Rxd7 Rg8 45. Re2 Rxc3 46. Kh2 Nxd4 47. Re5 Nf3+ 48. Kh3 Rc1 49. Ne1 Rxe1 50. Rxe1 Nxe1 51. Rc7 Kb8 52. f4 Nd3 53. Kxh4 Nxf4 54. Rxb7+ Kc8 55. Rc7+ Kd8 56. Ra7 Rg1 57. Rxa6 Rb1 58. Ra8+ Kd7 59. a6 Rxb6 60. a7 Ra6 61. Rg8 Ng6+ 62. Rxg6 Kd6 63. Rg7 c3 64. Rb7 Ke5 65. Kg4 c2 66. Rc7 Rxa7 67. Rxc2 Ra4+ 68. Kf3 Re4 69. Rd2 d4 70. Ra2 Re3+ 71. Kf2 Ke4 72. Ra4 e5 73. Rb4 Rc3 74. Rb8 Kd3 75. Rh8 e4 76. Rh3+ e3+ 77. Kf3 Rc2 78. Kf4 Rd2 79. Ke5 Kc2 80. Rh8 e2 81. Rc8+ Kd3 0-1

[Event "Chigorin Memorial 29th"]
[Site "St Petersburg"]
[Date "2022.10.25"]
[Round "4"]
[White "Vasiljev, Artem"]
[Black "Sadykhov, Ali"]
[Result "0-1"]
[WhiteElo "1736"]
[BlackElo "1477"]
[PlyCount "184"]
[EventDate "2022.10.22"]
[EventType "swiss"]
[EventRounds "9"]
[EventCountry "RUS"]
[SourceTitle "EXT 2024"]
[Source "ChessBase"]
[SourceDate "2023.10.10"]
[SourceVersion "1"]
[SourceVersionDate "2023.10.10"]
[SourceQuality "1"]

1. e4 e6 2. d4 d5 3. Nc3 Bb4 4. e5 c5 5. a3 Bxc3+ 6. bxc3 Ne7 7. Nf3 b6 8. Bd3 Ba6 9. 0-0 Bxd3 10. cxd3 Nbc6 11. dxc5 bxc5 12. d4 0-0 13. Rb1 Qa5 14. Qd3 c4 15. Qc2 h6 16. a4 Rfb8 17. Ba3 Nc8 18. Bc5 a6 19. Nd2 Qc7 20. Rxb8 Rxb8 21. f4 Na5 22. f5 Qd7 23. g4 Nb3 24. Nxb3 cxb3 25. Qd3 exf5 26. gxf5 Nb6 27. Qg3 Rb7 28. f6 g6 29. Qh4 h5 30. h3 Rb8 31. e6 Qxe6 32. Qf4 Nd7 33. Bd6 Re8 34. Be7 Kh7 35. Qg3 b2 36. Ba3 Rb8 37. Qd3 Nxf6 38. Rb1 Qe4 39. Qxe4 Nxe4 40. Rxb2 Rc8 41. Bb4 Rc4 42. a5 Nxc3 43. Bxc3 Rxc3 44. Rb6 Rc4 45. Rxa6 Rxd4 46. Ra7 Kg7 47. a6 Ra4 48. Kf2 Ra3 49. h4 Ra4 50. Kg3 Kf6 51. Ra8 g5 52. hxg5+ Kxg5 53. a7 Kf6 54. Rd8 Rxa7 55. Rxd5 Kg6 56. Rd8 f5 57. Rg8+ Rg7 58. Ra8 Kg5 59. Rh8 Rg6 60. Kf3 Rg7 61. Kg3 Kf6+ 62. Kf3 Kg5 63. Kg3 Rg6 64. Rh7 Rb6 65. Rg7+ Kf6 66. Rg8 Rb4 67. Kf3 Rg4 68. Rh8 Kg5 69. Rg8+ Kh4 70. Rf8 Rg1 71. Kf4 Kh3 72. Kf3 h4 73. Rh8 Rg4 74. Rh6 Kh2 75. Kf2 Rf4+ 76. Ke3 Kg3 77. Rh5 Re4+ 78. Kd3 Kg4 79. Rh8 Kf3 80. Rh5 Re3+ 81. Kd2 f4 82. Rxh4 Kg3 83. Rh8 Re7 84. Kd3 f3 85. Rg8+ Kf2 86. Rf8 Re3+ 87. Kd2 Re2+ 88. Kd3 Kg2 89. Rg8+ Kf1 90. Rh8 Rg2 91. Ke3 f2 92. Kf3 Kg1 0-1

[Event "Chigorin Memorial 29th"]
[Site "St Petersburg"]
[Date "2022.10.24"]
[Round "3"]
[White "Sadykhov, Ali"]
[Black "Kuizhev, Adam"]
[Result "0-1"]
[WhiteElo "1477"]
[BlackElo "1919"]
[PlyCount "130"]
[EventDate "2022.10.22"]
[EventType "swiss"]
[EventRounds "9"]
[EventCountry "RUS"]
[SourceTitle "EXT 2024"]
[Source "ChessBase"]
[SourceDate "2023.10.10"]
[SourceVersion "1"]
[SourceVersionDate "2023.10.10"]
[SourceQuality "1"]

1. e4 c6 2. d4 d5 3. e5 Bf5 4. Nf3 e6 5. Nbd2 Ne7 6. Nb3 Nd7 7. Be2 c5 8. c4 dxc4 9. Bxc4 Nc6 10. Bf4 cxd4 11. 0-0 Bg4 12. Be2 Bc5 13. h3 Bh5 14. g4 Bg6 15. Nfxd4 Nxd4 16. Nxd4 0-0 17. Nb5 Be4 18. Nd6 Bd5 19. Rc1 Qh4 20. Bf3 Bxd6 21. exd6 Nf6 22. Kh2 Bxf3 23. Qxf3 Nd5 24. Bg3 Qd8 25. Rfd1 Qb6 26. Rxd5 exd5 27. Qxd5 Rad8 28. Rd1 Rd7 29. Bh4 Re8 30. Rd2 Qc6 31. Qd3 Qe4 32. Bg3 Qxd3 33. Rxd3 Re2 34. Rc3 f6 35. Rb3 Kf7 36. Kg2 g5 37. Kf3 Rc2 38. Ke4 Rc6 39. Kd5 Rc2 40. a3 Rd2+ 41. Kc5 h6 42. Rb4 f5 43. gxf5 Kf6 44. Rb3 Kxf5 45. Rf3+ Kg6 46. b4 h5 47. Be5 Rf7 48. Re3 Rfxf2 49. Bd4 Rf5+ 50. Kc4 Rf4 51. Re6+ Kf7 52. Re7+ Kf8 53. Rxb7 Rfxd4+ 54. Kc5 Rxd6 55. Rxa7 g4 56. hxg4 hxg4 57. b5 R2d5+ 58. Kc4 Rg5 59. Ra8+ Ke7 60. Rh8 g3 61. Rh7+ Kd8 62. Rh8+ Kc7 63. Rh7+ Kb6 64. a4 Rg4+ 65. Kb3 g2 0-1

[Event "Chigorin Memorial 29th"]
[Site "St Petersburg"]
[Date "2022.10.22"]
[Round "1"]
[White "Sadykhov, Ali"]
[Black "Nasyrova, Ekaterina"]
[Result "0-1"]
[WhiteElo "1477"]
[BlackElo "2056"]
[PlyCount "96"]
[EventDate "2022.10.22"]
[EventType "swiss"]
[EventRounds "9"]
[EventCountry "RUS"]
[SourceTitle "EXT 2024"]
[Source "ChessBase"]
[SourceDate "2023.10.10"]
[SourceVersion "1"]
[SourceVersionDate "2023.10.10"]
[SourceQuality "1"]

1. e4 e5 2. Nf3 Nc6 3. d4 exd4 4. Nxd4 Nf6 5. Nc3 Bb4 6. Nxc6 bxc6 7. Bd3 d5 8. exd5 cxd5 9. 0-0 0-0 10. h3 c6 11. Qf3 Be7 12. Bf4 Be6 13. Rfe1 Nd7 14. Qh5 g6 15. Qf3 Nc5 16. Rad1 Nxd3 17. Rxd3 Re8 18. Qg3 Bh4 19. Qf3 Bf5 20. Rxe8+ Qxe8 21. Re3 Qd7 22. Re2 Re8 23. Be5 Bxc2 24. Qf4 Be4 25. Qxh4 Rxe5 26. f3 Rh5 27. Qxh5 gxh5 28. fxe4 d4 29. Nd1 a5 30. Nf2 c5 31. b3 Qb5 32. Rc2 a4 33. Rc4 axb3 34. axb3 f6 35. h4 Kf7 36. e5 fxe5 37. Ne4 Qxb3 38. Ng5+ Kg6 39. Rxc5 Qe3+ 40. Kh2 d3 41. Rd5 Qf4+ 42. Kg1 e4 43. Nh3 Qc1+ 44. Kf2 e3+ 45. Kf3 d2 46. Nf4+ Kf7 47. Rf5+ Ke8 48. Re5+ Kd7 0-1